Serbian Cyrillic to Latin Alphabet - Click Quiz - Statistics

General Stats
  • This quiz has been taken 1,218 times
  • The average score is 22 of 30
Answer Stats
Hint Answer % Correct
А A
99%
Б B
95%
Е E
90%
К K
87%
Д D
86%
М M
86%
О O
86%
Г G
83%
Т T
83%
Ј J
82%
Р R
81%
И I
80%
П P
80%
В V
80%
Л L
77%
Њ Nj
76%
С S
76%
Љ Lj
75%
Н N
75%
Ф F
74%
У U
74%
З Z
71%
Ш Š
66%
Ж Ž
65%
Х H
62%
Ч Č
58%
Ђ Đ
48%
Ц C
43%
Ћ Ć
39%
Џ
39%
No matching quizzes found
Score Distribution
Percent of People with Each Score
Percentile by Number Answered
Your Score History
You have not taken this quiz